Catálogo

Vista normal Vista MARC

Entrada Personal Name

Número de registros utilizados en: 1

001 - CONTROL NUMBER

  • control field: 17013

003 - CONTROL NUMBER IDENTIFIER

  • control field: DLC

005 - DATE AND TIME OF LATEST TRANSACTION

  • control field: 20250430103749.0

008 - FIXED-LENGTH DATA ELEMENTS

  • fixed length control field: 900820n| azannaabn |a aaa

010 ## - LIBRARY OF CONGRESS CONTROL NUMBER

  • LC control number: n 90683610

035 ## - SYSTEM CONTROL NUMBER

  • System control number: (OCoLC)oca02801711

040 ## - CATALOGING SOURCE

  • Original cataloging agency: DLC
  • Language of cataloging: spa
  • Description conventions: rda
  • Transcribing agency: Mx-PuUPA
  • Modifying agency: DLC
  • Modifying agency: OCoLC
  • Modifying agency: NmU
  • Modifying agency: DLC
  • Modifying agency: Mx-PuUPA

046 ## - SPECIAL CODED DATES

  • Birth date: 1950
  • Death date: 20170403
  • Source of date scheme: edtf

053 #0 - LC CLASSIFICATION NUMBER

  • Classification number element--single number or beginning number of span: PQ7298.17.O514

100 1# - HEADING--PERSONAL NAME

  • Personal name: González Rodríguez, Sergio,
  • Dates associated with a name: 1951-2017

370 ## - ASSOCIATED PLACE

  • Place of birth: Ciudad de México (México)
  • Source of term: naf

372 ## - FIELD OF ACTIVITY

  • Field of activity: Literatura mexicana
  • Field of activity: Periodismo
  • Source of term: lcsh

374 ## - OCCUPATION

  • Occupation: Autor
  • Occupation: Periodista
  • Source of term: lcsh

375 ## - GENDER

  • Gender: hombre

377 ## - ASSOCIATED LANGUAGE

  • Language code: spa

400 1# - SEE FROM TRACING--PERSONAL NAME

  • Personal name: Rodríguez, Sergio González
  • Dates associated with a name: 1951-2017

400 1# - SEE FROM TRACING--PERSONAL NAME

  • Personal name: Gonzáles Rodríguez, Sergio
  • Dates associated with a name: 1951-2017

670 ## - SOURCE DATA FOUND

  • Source citation: nuc90-52217: His Los bajos fondos, 1988
  • Information found: (hdg. on MnU rept.: Gonzáles Rodríguez, Sergio; usage: Sergio González Rodríguez)

670 ## - SOURCE DATA FOUND

  • Source citation: His El Centauro en el paisaje, c1992:
  • Information found: t.p. (Sergio González Rodríguez) p. 4 of cover (México D.F. 1950; se licenció en Letras Modernas, Fac. de Filosofía y Letras, UNAM)

670 ## - SOURCE DATA FOUND

  • Source citation: El país WWW site, viewed Apr. 6, 2017
  • Information found: (in obituary dated Apr. 4, 2017: Sergio González Rodríguez; b. 1950, Mexico City; Mexican writer and journalist; died Monday [Apr. 3, 2017] at age 67)